000 00362 a2200157 4500
001 64317
020 _a853225789572
040 _cAnchieta - Pituba
100 _aRodrigue, Joelza Ester Domingues
240 1 0 _aHistória em documento
_lpor
245 1 0 _aHistória em documento
300 _a72
362 0 _a2002
650 4 _aHistória do mundo
942 _cBK
999 _c64317
_d64317